[Event "Mitropa Cup (Women) 4th"]
[Site "Szeged"]
[Date "2007.05.13"]
[Round "6"]
[White "Winkelmann, Elena"]
[Black "Machalova, Veronika"]
[Result "1/2-1/2"]
[WhiteElo "2114"]
[BlackElo "2178"]
[PlyCount "99"]
[EventDate "2007.05.08"]
[EventType "team-tourn"]
[EventRounds "9"]
[EventCountry "HUN"]
[Source "ChessBase"]
[SourceDate "2007.07.04"]

1. d4 Nf6 2. c4 e6 3. Nf3 b6 4. a3 Bb7 5. Nc3 d5 6. cxd5 exd5 7. Bg5 Be7 8. e3
Nbd7 9. Bd3 O-O 10. O-O c5 11. Re1 h6 12. Bh4 Ne4 13. Bxe7 Qxe7 14. Rc1 Rfd8
15. Nd2 Rac8 16. Qc2 Ndf6 17. Bxe4 dxe4 18. Nb3 Ba6 19. Red1 Bd3 20. Qd2 Qe6
21. d5 Nxd5 22. Nxd5 Rxd5 23. Qc3 Rcd8 24. h3 Rg5 25. Kh2 Qg6 26. Rg1 Rf5 27.
f3 Qf6 28. Qxf6 Rxf6 29. f4 Bb5 30. Rge1 Rd3 31. Na1 a5 32. b3 Rd2 33. b4 cxb4
34. axb4 a4 35. Nc2 Rg6 36. Rg1 Bd3 37. Nd4 a3 38. Nc6 Rd6 39. Ne5 f6 40. Rc8+
Kh7 41. Nf7 Rd7 42. Nd8 a2 43. Ne6 Rd5 44. Rc7 Ba6 45. Ra1 Kg6 46. Rxg7+ Kf5
47. Nc7 Bc4 48. Kh1 Rd1+ 49. Kh2 R1d2 50. Kh1 1/2-1/2

[Event "Mitropa Cup (Women) 4th"]
[Site "Szeged"]
[Date "2007.05.14"]
[Round "7"]
[White "Domany, Zsofia"]
[Black "Borosova, Zuzana"]
[Result "0-1"]
[WhiteElo "2167"]
[BlackElo "2206"]
[PlyCount "70"]
[EventDate "2007.05.08"]
[EventType "team-tourn"]
[EventRounds "9"]
[EventCountry "HUN"]
[Source "ChessBase"]
[SourceDate "2007.07.04"]

1. e4 e5 2. Nf3 Nc6 3. Bc4 Bc5 4. c3 Nf6 5. d3 a6 6. Bb3 d6 7. Nbd2 O-O 8. h3
Ba7 9. O-O h6 10. Re1 Nh5 11. Nf1 Qf6 12. d4 exd4 13. cxd4 Nxd4 14. Nxd4 Qxd4
15. Qf3 Qf6 16. Qe2 Nf4 17. Bxf4 Qxf4 18. Rac1 c6 19. Rc3 Be6 20. Bc2 Qe5 21.
Rg3 f5 22. exf5 Qxe2 23. Rxe2 Bxf5 24. Bb3+ d5 25. Re7 Rf7 26. Rxf7 Kxf7 27.
Rf3 Ke6 28. Ng3 Bg6 29. Ne2 Be4 30. Rf4 Ke7 31. Ng3 g5 32. Rg4 Bg6 33. h4 Rf8
34. hxg5 Bxf2+ 35. Kh2 hxg5 0-1

[Event "Mitropa Cup (Women) 4th"]
[Site "Szeged"]
[Date "2007.05.14"]
[Round "7"]
[White "Exler, Veronika"]
[Black "Winkelmann, Elena"]
[Result "1/2-1/2"]
[WhiteElo "1980"]
[BlackElo "2114"]
[PlyCount "95"]
[EventDate "2007.05.08"]
[EventType "team-tourn"]
[EventRounds "9"]
[EventCountry "HUN"]
[Source "ChessBase"]
[SourceDate "2007.07.04"]

1. e4 c5 2. c3 d5 3. exd5 Qxd5 4. d4 g6 5. Nf3 cxd4 6. Qxd4 Nf6 7. Bc4 Qxd4 8.
Nxd4 a6 9. O-O Bd7 10. Nd2 Nc6 11. N2f3 Nxd4 12. Nxd4 Bg7 13. Re1 e6 14. Bf4
O-O 15. Be5 Rac8 16. Be2 Bc6 17. Nxc6 Rxc6 18. Bf3 Rb6 19. b3 Nd7 20. Bc7 Bxc3
21. Bxb6 Nxb6 22. Bxb7 Bxa1 23. Rxa1 a5 24. Rd1 Rb8 25. Be4 f5 26. Bf3 Kf7 27.
Rc1 Rc8 28. Rxc8 Nxc8 29. Kf1 Ke7 30. Ke2 Kd6 31. Kd3 Kc5 32. Kc3 Nd6 33. a3
Nb5+ 34. Kb2 h6 35. Be2 Nd4 36. Bc4 a4 37. Kc3 axb3 38. Bxb3 e5 39. Bc4 g5 40.
h3 e4 41. g3 f4 42. gxf4 gxf4 43. Ba6 e3 44. fxe3 fxe3 45. Kd3 e2 46. Kd2 e1=Q+
47. Kxe1 Nc2+ 48. Kf2 1/2-1/2

[Event "Mitropa Cup (Women) 4th"]
[Site "Szeged"]
[Date "2007.05.14"]
[Round "7"]
[White "Hoolt, Sarah"]
[Black "Kopinits, Anna Christina"]
[Result "1/2-1/2"]
[WhiteElo "2226"]
[BlackElo "2198"]
[PlyCount "75"]
[EventDate "2007.05.08"]
[EventType "team-tourn"]
[EventRounds "9"]
[EventCountry "HUN"]
[Source "ChessBase"]
[SourceDate "2007.07.04"]

1. e4 c6 2. d4 d5 3. Nc3 dxe4 4. Nxe4 Nd7 5. Bd3 Ngf6 6. Ng5 e6 7. Qe2 Bd6 8.
N1f3 h6 9. Ne4 Nxe4 10. Qxe4 Nf6 11. Qh4 b6 12. Ne5 Bb7 13. O-O Qc7 14. Nc4
O-O-O 15. Nxd6+ Qxd6 16. c3 c5 17. Be2 g5 18. Qg3 cxd4 19. cxd4 Nd5 20. Qxd6
Rxd6 21. f4 gxf4 22. Bxf4 Nxf4 23. Rxf4 f5 24. Rc1+ Rc6 25. Rxc6+ Bxc6 26. Kf2
Bd5 27. a3 Kd7 28. g3 Rc8 29. Bd3 Bc4 30. Ke3 Bxd3 31. Kxd3 Rg8 32. d5 Kd6 33.
dxe6 Kxe6 34. Rh4 Rg6 35. Kd4 a6 36. a4 Kd6 37. Rf4 Rg4 38. Rxg4 1/2-1/2

[Event "Mitropa Cup (Women) 4th"]
[Site "Szeged"]
[Date "2007.05.14"]
[Round "7"]
[White "Horvath, Julia"]
[Black "Berke, Ana"]
[Result "1-0"]
[WhiteElo "2277"]
[BlackElo "2072"]
[PlyCount "77"]
[EventDate "2007.05.08"]
[EventType "team-tourn"]
[EventRounds "9"]
[EventCountry "HUN"]
[Source "ChessBase"]
[SourceDate "2007.07.04"]

1. d4 Nf6 2. c4 c5 3. d5 b5 4. Nd2 bxc4 5. e4 c3 6. bxc3 d6 7. Bb5+ Bd7 8. Qa4
Bxb5 9. Qxb5+ Nbd7 10. Ngf3 g6 11. O-O Bg7 12. a4 O-O 13. Ra3 Rb8 14. Qe2 Qc7
15. Nc4 Nb6 16. Bf4 Nxc4 17. Qxc4 Nd7 18. a5 Rb2 19. Rc1 Rfb8 20. h3 R8b5 21.
Qa4 Rb1 22. Rxb1 Rxb1+ 23. Kh2 Qb7 24. Qc6 Nf6 25. e5 Nxd5 26. Qe8+ Bf8 27. e6
Qb8 28. Qxf7+ Kh8 29. Bg5 Qd8 30. c4 Nf6 31. Nd2 Rb2 32. Rf3 Rb8 33. Rxf6 Bg7
34. Rf3 Be5+ 35. g3 Qxa5 36. Bxe7 Qxd2 37. Bf6+ Bxf6 38. Qxf6+ Kg8 39. e7 1-0

[Event "Mitropa Cup (Women) 4th"]
[Site "Szeged"]
[Date "2007.05.14"]
[Round "7"]
[White "Novak, Ksenija"]
[Black "Toth, Lili"]
[Result "1-0"]
[WhiteElo "2151"]
[BlackElo "2251"]
[PlyCount "79"]
[EventDate "2007.05.08"]
[EventType "team-tourn"]
[EventRounds "9"]
[EventCountry "HUN"]
[Source "ChessBase"]
[SourceDate "2007.07.04"]

1. e4 e6 2. d3 d5 3. Nd2 Nf6 4. Ngf3 b6 5. c3 Bb7 6. Qa4+ Qd7 7. Qxd7+ Nbxd7 8.
e5 Ng4 9. d4 f6 10. h3 Nh6 11. Bb5 c6 12. Ba4 O-O-O 13. O-O Nf7 14. Re1 f5 15.
Nf1 Be7 16. g4 fxg4 17. hxg4 h5 18. gxh5 Rxh5 19. Ng3 Rhh8 20. Kg2 g5 21. Bd2
Rdg8 22. Rh1 Nf8 23. Rxh8 Rxh8 24. Bc2 Rg8 25. Rh1 Kd7 26. Nh5 g4 27. Nh2 Ba6
28. Kg3 Ng5 29. Bxg5 Rxg5 30. Nxg4 Be2 31. f3 c5 32. Kf2 Bb5 33. Nhf6+ Kd8 34.
Rh8 Be8 35. f4 Rg7 36. Kf3 Bg6 37. Bxg6 Rxg6 38. Nh7 Ke8 39. Ngf6+ Kf7 40. Ng5+
1-0

[Event "Mitropa Cup (Women) 4th"]
[Site "Szeged"]
[Date "2007.05.14"]
[Round "7"]
[White "Novosadova, Kristyna"]
[Black "Ignacz, Maria"]
[Result "0-1"]
[WhiteElo "2040"]
[BlackElo "2238"]
[PlyCount "82"]
[EventDate "2007.05.08"]
[EventType "team-tourn"]
[EventRounds "9"]
[EventCountry "HUN"]
[Source "ChessBase"]
[SourceDate "2007.07.04"]

1. e4 c5 2. Nf3 d6 3. d4 cxd4 4. Nxd4 Nf6 5. Nc3 Nc6 6. Bg5 e6 7. Qd2 a6 8.
O-O-O Bd7 9. f3 h6 10. Be3 b5 11. Bd3 Be7 12. g4 Rc8 13. Kb1 Ne5 14. h4 Nxd3
15. cxd3 b4 16. Nce2 e5 17. Nc2 b3 18. axb3 Be6 19. Nc1 d5 20. g5 Nd7 21. d4 h5
22. f4 exf4 23. Bxf4 O-O 24. Ne3 Nb6 25. Ne2 Qd7 26. Ng3 g6 27. Qe2 dxe4 28. d5
Nxd5 29. Nxd5 Bxd5 30. Nxh5 gxh5 31. Be5 Qe6 32. Bf6 Qf5 33. Rhf1 Qg6 34. Rxd5
e3+ 35. Ka2 Rfe8 36. Bxe7 Rxe7 37. Rf6 Qe4 38. Rd1 a5 39. Qxh5 a4 40. bxa4
Qxa4+ 41. Kb1 Qc2+ 0-1

[Event "Mitropa Cup (Women) 4th"]
[Site "Szeged"]
[Date "2007.05.14"]
[Round "7"]
[White "Purgar, Ivona"]
[Black "Kozma, Edit"]
[Result "0-1"]
[WhiteElo "1975"]
[BlackElo "2089"]
[PlyCount "72"]
[EventDate "2007.05.08"]
[EventType "team-tourn"]
[EventRounds "9"]
[EventCountry "HUN"]
[Source "ChessBase"]
[SourceDate "2007.07.04"]

1. e4 c5 2. Nf3 d6 3. d4 cxd4 4. Nxd4 Nf6 5. Nc3 a6 6. Be2 e5 7. Nb3 Be7 8. O-O
O-O 9. Be3 Be6 10. f4 exf4 11. Rxf4 Nc6 12. Nd5 Bxd5 13. exd5 Ne5 14. Rb4 Qd7
15. a4 Rfb8 16. a5 Bf8 17. Nc1 Qe7 18. Ra3 Nfd7 19. Rab3 Nc5 20. Bxc5 dxc5 21.
Rb6 c4 22. d6 Qd7 23. Re3 Nc6 24. Bxc4 Qxd6 25. Qf3 Qc7 26. Nd3 Nxa5 27. Bd5
Nc4 28. Bxc4 Qxc4 29. Ne5 Qc7 30. Rbb3 Bc5 31. Kh1 Bxe3 32. Rxe3 Rf8 33. c3
Rae8 34. Qf5 f6 35. Rh3 Qxe5 36. Qxh7+ Kf7 0-1

[Event "Mitropa Cup (Women) 4th"]
[Site "Szeged"]
[Date "2007.05.14"]
[Round "7"]
[White "Rudolf, Anna"]
[Black "Hodova, Lucie"]
[Result "0-1"]
[WhiteElo "2301"]
[BlackElo "2074"]
[PlyCount "104"]
[EventDate "2007.05.08"]
[EventType "team-tourn"]
[EventRounds "9"]
[EventCountry "HUN"]
[Source "ChessBase"]
[SourceDate "2007.07.04"]

1. e4 c5 2. Nf3 d6 3. d4 cxd4 4. Nxd4 Nf6 5. Nc3 a6 6. Be2 e5 7. Nb3 Be7 8. O-O
O-O 9. Kh1 b6 10. Be3 Bb7 11. f3 b5 12. a4 b4 13. Nd5 Nxd5 14. exd5 Nd7 15. c3
bxc3 16. bxc3 Bg5 17. Bf2 Qc7 18. c4 Rfb8 19. Rb1 Bc8 20. Qd3 Rb4 21. a5 Rab8
22. Rfd1 Qb7 23. h4 Bh6 24. Bb6 Nxb6 25. Nd4 Nxd5 26. Nb5 Rxb1 27. Rxb1 Qe7 28.
g3 axb5 29. Qxd5 Qd7 30. g4 Bf4 31. cxb5 Qe7 32. Kg2 Bb7 33. Qc4 e4 34. Rb3 Rc8
35. Qd4 Qxh4 36. fxe4 Qh2+ 37. Kf1 Rc1+ 38. Bd1 Bxe4 39. a6 Qg2+ 40. Ke1 Bg3+
41. Rxg3 Qxg3+ 42. Kd2 Qf4+ 43. Ke1 Rb1 44. a7 Qe5 45. Qc4 Rxd1+ 46. Kxd1 Qd5+
47. Qxd5 Bxd5 48. Kd2 Kf8 49. Kc3 Ke7 50. Kb4 Kd7 51. Ka5 Kc7 52. b6+ Kb7 0-1

[Event "Mitropa Cup (Women) 4th"]
[Site "Szeged"]
[Date "2007.05.14"]
[Round "7"]
[White "Vajda, Szidonia"]
[Black "Rozic, Vesna"]
[Result "1/2-1/2"]
[WhiteElo "2407"]
[BlackElo "2246"]
[PlyCount "83"]
[EventDate "2007.05.08"]
[EventType "team-tourn"]
[EventRounds "9"]
[EventCountry "HUN"]
[Source "ChessBase"]
[SourceDate "2007.07.04"]

1. e4 e6 2. d4 d5 3. Nd2 c5 4. exd5 Qxd5 5. Ngf3 cxd4 6. Bc4 Qd6 7. O-O Nf6 8.
Nb3 Nc6 9. Nbxd4 Nxd4 10. Nxd4 a6 11. a4 Qc7 12. b3 Bd6 13. h3 O-O 14. Bb2 e5
15. Ne2 Bd7 16. Ng3 Rad8 17. Qe2 Rfe8 18. Rfe1 Qc6 19. Rad1 Bb4 20. c3 Bf8 21.
Nh5 Nxh5 22. Qxh5 Be6 23. Bxe6 Qxe6 24. c4 f6 25. Rxd8 Rxd8 26. Rd1 Rd7 27. Qe2
Bb4 28. Bc1 Bc5 29. Be3 Bxe3 30. fxe3 h6 31. Qc2 f5 32. c5 Rxd1+ 33. Qxd1 Qc6
34. b4 a5 35. Kf2 axb4 36. Qb3+ Kh7 37. Qxb4 Qd5 38. g4 f4 39. exf4 exf4 40.
Qxf4 Qxc5+ 41. Kg2 Qc6+ 42. Kg3 1/2-1/2

[Event "Mitropa Cup (Women) 4th"]
[Site "Szeged"]
[Date "2007.05.14"]
[Round "7"]
[White "Varholakova, Nikoleta"]
[Black "Tanacs, Anna"]
[Result "1-0"]
[WhiteElo "2180"]
[BlackElo "1958"]
[PlyCount "77"]
[EventDate "2007.05.08"]
[EventType "team-tourn"]
[EventRounds "9"]
[EventCountry "HUN"]
[Source "ChessBase"]
[SourceDate "2007.07.04"]

1. e4 c6 2. c4 d5 3. exd5 cxd5 4. cxd5 Nf6 5. Nc3 Nxd5 6. d4 e6 7. Nf3 Be7 8.
Bd3 O-O 9. O-O Nc6 10. a3 Nxc3 11. bxc3 Bf6 12. Re1 Re8 13. Bf4 Bd7 14. Qb1 g6
15. Qxb7 Na5 16. Qb2 Bc6 17. Ne5 Bd5 18. Qe2 Rc8 19. Bb5 Rf8 20. Bh6 Bg7 21.
Bxg7 Kxg7 22. c4 Bc6 23. Nxc6 Nxc6 24. Rad1 Qd6 25. Bxc6 Rxc6 26. Qb2 Qb8 27.
Qc3 Kg8 28. Re5 Rd8 29. Rb5 Qc7 30. c5 a6 31. Rbb1 e5 32. Rbc1 exd4 33. Rxd4
Rxd4 34. Qxd4 a5 35. h3 h5 36. Re1 Qc8 37. Re5 a4 38. Qxa4 Qb7 39. Qe4 1-0

[Event "Mitropa Cup (Women) 4th"]
[Site "Szeged"]
[Date "2007.05.15"]
[Round "8"]
[White "Hodova, Lucie"]
[Black "Horvath, Julia"]
[Result "1/2-1/2"]
[WhiteElo "2074"]
[BlackElo "2277"]
[PlyCount "25"]
[EventDate "2007.05.08"]
[EventType "team-tourn"]
[EventRounds "9"]
[EventCountry "HUN"]
[Source "ChessBase"]
[SourceDate "2007.07.04"]

1. e4 c5 2. Nf3 e6 3. d4 cxd4 4. Nxd4 Nf6 5. Nc3 d6 6. g3 Be7 7. Bg2 O-O 8. O-O
a6 9. h3 Qc7 10. Be3 Nc6 11. Nxc6 bxc6 12. f4 Bb7 13. Re1 1/2-1/2

[Event "Mitropa Cup (Women) 4th"]
[Site "Szeged"]
[Date "2007.05.15"]
[Round "8"]
[White "Hoolt, Sarah"]
[Black "Domany, Zsofia"]
[Result "1-0"]
[WhiteElo "2226"]
[BlackElo "2167"]
[PlyCount "95"]
[EventDate "2007.05.08"]
[EventType "team-tourn"]
[EventRounds "9"]
[EventCountry "HUN"]
[Source "ChessBase"]
[SourceDate "2007.07.04"]

1. e4 c5 2. Nf3 d6 3. d4 cxd4 4. Nxd4 Nf6 5. Nc3 a6 6. g3 e5 7. Nde2 Nbd7 8.
Bg2 b5 9. a4 b4 10. Nd5 Nxd5 11. Qxd5 Rb8 12. Be3 Bb7 13. Qd3 Be7 14. a5 Qc7
15. c3 Nc5 16. Bxc5 dxc5 17. c4 O-O 18. O-O Rbd8 19. Qc2 Rd6 20. Rfd1 Rfd8 21.
f4 exf4 22. Nxf4 Rxd1+ 23. Rxd1 Qxa5 24. e5 Bxg2 25. Kxg2 Qc7 26. Rxd8+ Qxd8
27. Nd5 Qd7 28. Qf5 Qd8 29. Qc8 Kf8 30. Qxa6 g6 31. Qa7 Qe8 32. Kf3 Bg5 33.
Qxc5+ Kg7 34. h4 Qxe5 35. hxg5 Qf5+ 36. Kg2 Qe4+ 37. Kh3 Qf5+ 38. Kh4 Qe4+ 39.
Nf4 Qh1+ 40. Nh3 Qb1 41. Qe5+ Kg8 42. c5 Qc2 43. Qd4 b3 44. Nf2 Qb1 45. c6 Qc1
46. Qd8+ Kg7 47. c7 Qc4+ 48. Ng4 1-0

[Event "Mitropa Cup (Women) 4th"]
[Site "Szeged"]
[Date "2007.05.15"]
[Round "8"]
[White "Ignacz, Maria"]
[Black "Novak, Ksenija"]
[Result "1/2-1/2"]
[WhiteElo "2238"]
[BlackElo "2151"]
[PlyCount "72"]
[EventDate "2007.05.08"]
[EventType "team-tourn"]
[EventRounds "9"]
[EventCountry "HUN"]
[Source "ChessBase"]
[SourceDate "2007.07.04"]

1. Nf3 g6 2. g3 Bg7 3. d4 Nf6 4. Bg2 c5 5. c4 Qa5+ 6. Bd2 Qb6 7. dxc5 Qxc5 8.
Qb3 d5 9. cxd5 Qxd5 10. Qa3 O-O 11. O-O Nc6 12. Nc3 Qh5 13. Bg5 Bg4 14. Bxf6
Bxf6 15. Rfd1 Rfd8 16. Ne4 Bg7 17. Qb3 Ne5 18. Neg5 Nxf3+ 19. Nxf3 b6 20. Qb4
Bf6 21. Nd4 Rac8 22. Nc6 Rxd1+ 23. Rxd1 Bxe2 24. Re1 Bf3 25. Bxf3 Qxf3 26.
Nxe7+ Bxe7 27. Qxe7 Rc2 28. Rf1 Rxb2 29. Qxa7 Qd5 30. a3 Qc5 31. a4 h6 32. Qa8+
Kg7 33. Qf3 Rb4 34. Ra1 Qe5 35. Qa3 Rb2 36. a5 bxa5 1/2-1/2

[Event "Mitropa Cup (Women) 4th"]
[Site "Szeged"]
[Date "2007.05.15"]
[Round "8"]
[White "Kozma, Edit"]
[Black "Novosadova, Kristyna"]
[Result "1/2-1/2"]
[WhiteElo "2089"]
[BlackElo "2040"]
[PlyCount "40"]
[EventDate "2007.05.08"]
[EventType "team-tourn"]
[EventRounds "9"]
[EventCountry "HUN"]
[Source "ChessBase"]
[SourceDate "2007.07.04"]

1. e4 e5 2. Nf3 Nc6 3. Bb5 f5 4. Bxc6 dxc6 5. O-O fxe4 6. Nxe5 Qf6 7. d4 exd3
8. Nxd3 Bd6 9. Re1+ Ne7 10. Qh5+ g6 11. Qh6 Be6 12. Bg5 Qf7 13. Bxe7 Qxe7 14.
Nf4 Bxf4 15. Qxf4 O-O-O 16. Qe3 Kb8 17. Nc3 Rhe8 18. h3 Rd7 19. Ne4 Rd5 20. Nc3
Rd7 1/2-1/2

[Event "Mitropa Cup (Women) 4th"]
[Site "Szeged"]
[Date "2007.05.15"]
[Round "8"]
[White "Purgar, Ivona"]
[Black "Exler, Veronika"]
[Result "0-1"]
[WhiteElo "1975"]
[BlackElo "1980"]
[PlyCount "128"]
[EventDate "2007.05.08"]
[EventType "team-tourn"]
[EventRounds "9"]
[EventCountry "HUN"]
[Source "ChessBase"]
[SourceDate "2007.07.04"]

1. e4 c6 2. d4 d5 3. Nc3 dxe4 4. Nxe4 Nf6 5. Nxf6+ gxf6 6. c3 Bf5 7. Nf3 Nd7 8.
Bf4 Nb6 9. Be2 Nd5 10. Bg3 e6 11. O-O Bd6 12. Qd2 h5 13. c4 Ne7 14. Nh4 Bg4 15.
Rfd1 Ng6 16. Nxg6 fxg6 17. Bxg4 hxg4 18. Qe2 Kf7 19. d5 cxd5 20. cxd5 e5 21.
Rac1 Qd7 22. f3 gxf3 23. Qxf3 Kg7 24. Rf1 Rhf8 25. Qe4 Rac8 26. Rc3 Rc7 27.
Rcf3 Qb5 28. b3 Qb4 29. Qxb4 Bxb4 30. Bf2 Bc5 31. Bxc5 Rxc5 32. Rd1 Rd8 33. d6
Rd7 34. Rfd3 Kf7 35. b4 Rc6 36. b5 Rb6 37. a4 Ke6 38. Rg3 g5 39. Rc3 Rbxd6 40.
Rdc1 Rd1+ 41. Rxd1 Rxd1+ 42. Kf2 f5 43. Ke2 Rd4 44. Rc7 Rd7 45. Rc3 b6 46. Rc6+
Kd5 47. h3 Rg7 48. Rf6 f4 49. Rc6 e4 50. Rc8 Ke5 51. Re8+ Kd4 52. Rc8 Rd7 53.
Rg8 Rd5 54. Rg7 Kc3 55. Rc7+ Kb4 56. Rxa7 e3 57. Rb7 Rd2+ 58. Kf1 Rd1+ 59. Ke2
Rg1 60. Kf3 Rf1+ 61. Ke2 Rf2+ 62. Ke1 Rxg2 63. Rxb6 f3 64. Kf1 Ra2 0-1

[Event "Mitropa Cup (Women) 4th"]
[Site "Szeged"]
[Date "2007.05.15"]
[Round "8"]
[White "Rozic, Vesna"]
[Black "Rudolf, Anna"]
[Result "1-0"]
[WhiteElo "2246"]
[BlackElo "2301"]
[PlyCount "143"]
[EventDate "2007.05.08"]
[EventType "team-tourn"]
[EventRounds "9"]
[EventCountry "HUN"]
[Source "ChessBase"]
[SourceDate "2007.07.04"]

1. d4 e6 2. Nf3 Nf6 3. Bf4 c5 4. c3 b6 5. e3 Bb7 6. Nbd2 Be7 7. h3 O-O 8. Bd3
cxd4 9. cxd4 Nd5 10. Bh2 Nb4 11. Be2 d5 12. a3 N4c6 13. Rc1 Nd7 14. O-O a6 15.
b4 Rc8 16. Nb3 Ndb8 17. Rc2 Bd6 18. Bxd6 Qxd6 19. Qd2 Na7 20. Rfc1 Rxc2 21.
Rxc2 Bc6 22. Qc3 Rc8 23. Bd3 f6 24. Qb2 Bb5 25. Rxc8+ Nxc8 26. Bxh7+ Kxh7 27.
Qc2+ Kg8 28. Qxc8+ Kf7 29. Nbd2 Nc6 30. h4 Ne7 31. Qb7 Kg6 32. e4 dxe4 33.
Qxe4+ Kf7 34. h5 Kg8 35. Qg4 Kh7 36. Ne4 Qc6 37. Qf4 Bd3 38. Nxf6+ gxf6 39.
Qxf6 Qe8 40. Ng5+ Kg8 41. Qxe6+ Kf8 42. Qf6+ Kg8 43. h6 Qf8 44. h7+ Bxh7 45.
Qxf8+ Kxf8 46. Nxh7+ Kg7 47. Ng5 Kf6 48. Ne4+ Ke6 49. Nc3 Nf5 50. Na4 b5 51.
Nc5+ Kd5 52. Nxa6 Nxd4 53. f3 Kd6 54. Kf2 Nc2 55. g4 Nxa3 56. f4 Nc4 57. Nc5
Nb6 58. Kf3 Nd5 59. Nd3 Ke6 60. f5+ Kf6 61. Ke4 Nc3+ 62. Kd4 Ne2+ 63. Kc5 Nc3
64. Nf4 Kg5 65. Nd5 Ne4+ 66. Kxb5 Kxg4 67. f6 Kf5 68. Kc6 Ke6 69. b5 Nd6 70. b6
Nf7 71. b7 Ne5+ 72. Kc7 1-0

[Event "Mitropa Cup (Women) 4th"]
[Site "Szeged"]
[Date "2007.05.15"]
[Round "8"]
[White "Toth, Lili"]
[Black "Varholakova, Nikoleta"]
[Result "0-1"]
[WhiteElo "2251"]
[BlackElo "2180"]
[PlyCount "80"]
[EventDate "2007.05.08"]
[EventType "team-tourn"]
[EventRounds "9"]
[EventCountry "HUN"]
[Source "ChessBase"]
[SourceDate "2007.07.04"]

1. d4 d5 2. c4 e6 3. Nc3 Nf6 4. Nf3 Nbd7 5. cxd5 exd5 6. Bg5 c6 7. e3 Be7 8.
Bd3 O-O 9. Qc2 Re8 10. O-O Nf8 11. Rab1 Ng6 12. Bxf6 Bxf6 13. b4 a6 14. a4 Be7
15. Bf5 Bd6 16. b5 a5 17. bxc6 bxc6 18. Na2 Nh4 19. Nxh4 Qxh4 20. g3 Bxf5 21.
Qxf5 Qe7 22. Rfc1 g6 23. Qd3 Rec8 24. Rc2 h5 25. Nc1 h4 26. Nb3 hxg3 27. hxg3
Kg7 28. Nc5 Rh8 29. Rb7 Qf6 30. e4 Bxc5 31. e5 Qe6 32. Rxc5 Rh5 33. Rc7 Rah8
34. Kf1 Rh1+ 35. Ke2 Qg4+ 36. Qf3 Re1+ 37. Kxe1 Qxf3 38. e6 Rh1+ 39. Kd2 Rd1+
40. Kc2 Qd3+ 0-1

[Event "Mitropa Cup (Women) 4th"]
[Site "Szeged"]
[Date "2007.05.16"]
[Round "9"]
[White "Berke, Ana"]
[Black "Hodova, Lucie"]
[Result "1/2-1/2"]
[WhiteElo "2072"]
[BlackElo "2074"]
[PlyCount "42"]
[EventDate "2007.05.08"]
[EventType "team-tourn"]
[EventRounds "9"]
[EventCountry "HUN"]
[Source "ChessBase"]
[SourceDate "2007.07.04"]

1. e4 c5 2. Nf3 d6 3. d4 cxd4 4. Nxd4 Nf6 5. Nc3 a6 6. Be3 e5 7. Nf3 Qc7 8. a4
Be6 9. Ng5 Bc4 10. Bxc4 Qxc4 11. Nd5 Nxd5 12. Qxd5 Qxd5 13. exd5 h6 14. Nf3 Nd7
15. Nd2 f5 16. f3 Rc8 17. c4 a5 18. Rb1 Nc5 19. Bxc5 dxc5 20. Nb3 b6 21. O-O
Bd6 1/2-1/2

[Event "Mitropa Cup (Women) 4th"]
[Site "Szeged"]
[Date "2007.05.16"]
[Round "9"]
[White "Domany, Zsofia"]
[Black "Kopinits, Anna Christina"]
[Result "1-0"]
[WhiteElo "2167"]
[BlackElo "2198"]
[PlyCount "97"]
[EventDate "2007.05.08"]
[EventType "team-tourn"]
[EventRounds "9"]
[EventCountry "HUN"]
[Source "ChessBase"]
[SourceDate "2007.07.04"]

1. e4 c5 2. Nf3 Nc6 3. d4 cxd4 4. Nxd4 Nf6 5. Nc3 e5 6. Ndb5 d6 7. Bg5 a6 8.
Na3 b5 9. Nd5 Be7 10. Bxf6 Bxf6 11. c3 O-O 12. Nc2 Bg5 13. a4 bxa4 14. Rxa4 a5
15. Bc4 Rb8 16. Ra2 Kh8 17. Nce3 Bxe3 18. Nxe3 Ne7 19. b3 f5 20. exf5 Bxf5 21.
Nxf5 Rxf5 22. Rd2 Qb6 23. O-O Rf6 24. Qe2 Rbf8 25. Qe3 Qc6 26. f4 Rxf4 27. Rxf4
Rxf4 28. Rf2 Qc5 29. Qxc5 dxc5 30. Ra2 g6 31. Rxa5 e4 32. Rxc5 Nf5 33. Re5 Kg7
34. Be2 Kf6 35. Re8 Kf7 36. g3 Kxe8 37. gxf4 Kd7 38. Kf2 Kc6 39. Bc4 Nd6 40.
Bg8 h6 41. Ke3 Kc5 42. Bh7 g5 43. fxg5 hxg5 44. Bxe4 Nb5 45. Kd3 Nd6 46. b4+
Kb5 47. Kd4 Ne8 48. Bd3+ Kb6 49. Ke5 1-0

[Event "Mitropa Cup (Women) 4th"]
[Site "Szeged"]
[Date "2007.05.16"]
[Round "9"]
[White "Newrkla, Katharina"]
[Black "Papp, Petra"]
[Result "1/2-1/2"]
[WhiteElo "2042"]
[BlackElo "1926"]
[PlyCount "20"]
[EventDate "2007.05.08"]
[EventType "team-tourn"]
[EventRounds "9"]
[EventCountry "HUN"]
[Source "ChessBase"]
[SourceDate "2007.07.04"]

1. e4 c5 2. Nf3 Nc6 3. d4 cxd4 4. Nxd4 d5 5. Nxc6 bxc6 6. exd5 Qxd5 7. Qe2 Bf5
8. Nc3 Qd7 9. Bf4 Nf6 10. Rd1 Qb7 1/2-1/2

[Event "Mitropa Cup (Women) 4th"]
[Site "Szeged"]
[Date "2007.05.16"]
[Round "9"]
[White "Novak, Ksenija"]
[Black "Kozma, Edit"]
[Result "1/2-1/2"]
[WhiteElo "2151"]
[BlackElo "2089"]
[PlyCount "66"]
[EventDate "2007.05.08"]
[EventType "team-tourn"]
[EventRounds "9"]
[EventCountry "HUN"]
[Source "ChessBase"]
[SourceDate "2007.07.04"]

1. e4 c5 2. c3 g6 3. d4 cxd4 4. cxd4 d5 5. Nc3 dxe4 6. Bc4 Nf6 7. Qb3 e6 8. d5
exd5 9. Nxd5 Nxd5 10. Bxd5 Qe7 11. Bd2 Bg7 12. Bb4 Qc7 13. Ne2 Nc6 14. Rc1 Bg4
15. f3 exf3 16. gxf3 Bf5 17. Bxc6+ bxc6 18. Qa4 Bd7 19. Ba5 Qd6 20. Rd1 Qe6 21.
Qa3 Bf6 22. O-O Be7 23. Qc3 O-O 24. Rfe1 Bh4 25. Ng3 Qh3 26. Qe5 Rfe8 27. Qf4
Rxe1+ 28. Bxe1 Be6 29. a3 Bd5 30. Bc3 Bxg3 31. hxg3 Qf5 32. Qxf5 gxf5 33. Kf2
Re8 1/2-1/2

[Event "Mitropa Cup (Women) 4th"]
[Site "Szeged"]
[Date "2007.05.16"]
[Round "9"]
[White "Novosadova, Kristyna"]
[Black "Purgar, Ivona"]
[Result "1-0"]
[WhiteElo "2040"]
[BlackElo "1975"]
[PlyCount "91"]
[EventDate "2007.05.08"]
[EventType "team-tourn"]
[EventRounds "9"]
[EventCountry "HUN"]
[Source "ChessBase"]
[SourceDate "2007.07.04"]

1. e4 c5 2. Nf3 d6 3. d4 cxd4 4. Nxd4 Nf6 5. Nc3 a6 6. Bg5 e6 7. Qd2 Be7 8. f4
Qc7 9. O-O-O Nbd7 10. Bd3 b5 11. Rhe1 O-O 12. Re3 Nc5 13. Qe2 b4 14. Bxf6 Bxf6
15. e5 Nxd3+ 16. Rdxd3 dxe5 17. Ne4 Bd8 18. fxe5 f5 19. exf6 Bxf6 20. Nxf6+
Rxf6 21. Nxe6 Bxe6 22. Rxe6 Qf4+ 23. Qe3 Qxe3+ 24. Rdxe3 Rxe6 25. Rxe6 Kf7 26.
Re4 a5 27. c3 bxc3 28. bxc3 Rc8 29. Kc2 Rc5 30. Kd3 Rh5 31. h3 Rg5 32. Re2 h5
33. c4 Rf5 34. Kd4 Kf6 35. c5 Rf1 36. Kd5 Rd1+ 37. Kc6 Rc1 38. Kd6 Rd1+ 39. Kc7
Rc1 40. c6 g5 41. Kd7 Rd1+ 42. Kc8 Rc1 43. c7 g4 44. hxg4 hxg4 45. Rb2 Ke7 46.
Kb8 1-0

[Event "Mitropa Cup (Women) 4th"]
[Site "Szeged"]
[Date "2007.05.16"]
[Round "9"]
[White "Rudolf, Anna"]
[Black "Borosova, Zuzana"]
[Result "1/2-1/2"]
[WhiteElo "2301"]
[BlackElo "2206"]
[PlyCount "68"]
[EventDate "2007.05.08"]
[EventType "team-tourn"]
[EventRounds "9"]
[EventCountry "HUN"]
[Source "ChessBase"]
[SourceDate "2007.07.04"]

1. e4 e5 2. Nf3 Nc6 3. Bc4 Bc5 4. c3 Nf6 5. d3 a6 6. Bb3 d6 7. h3 Ba7 8. Nbd2
O-O 9. O-O h6 10. Re1 Nh5 11. Nf1 Qf6 12. Be3 Bxe3 13. Nxe3 Ne7 14. d4 Nf4 15.
Kh2 Neg6 16. Nd5 Nxd5 17. dxe5 Nxe5 18. Bxd5 Qf4+ 19. Kg1 Nxf3+ 20. Qxf3 Qxf3
21. gxf3 c6 22. Bb3 Bxh3 23. Rad1 Rad8 24. Rd3 Rd7 25. Red1 Rfd8 26. f4 Be6 27.
f5 Bxb3 28. axb3 f6 29. c4 Kf7 30. Kh2 Ke7 31. Rg1 Kf8 32. Rgd1 Ke7 33. Rg1 Kf8
34. Rgd1 Kf7 1/2-1/2